000 01230nam a22003017a 4500
003 DO-SdBNP
005 20240410073848.0
007 ta
008 210723b 2020 dr a 00| 0 eng d
020 _a9789945613582 (v.1)
020 _a9789945613599 (v.2)
040 _aDO-SdBNP
_bspa
_cBNPHU
082 4 _a972.9304
_bI19r
_222
245 0 0 _aIdeas radicales en la República Dominicana :
_bantología /
_ccuidado de edición y presentación, Andrés Blanco Díaz.
260 _aSanto Domingo :
_bArchivo General de la Nación,
_c2020.
300 _a2v. ;
_c23 cm.
490 1 _aArchivo General de la Nación ;
_v390-391
500 _aIncluye referencias bibliográficas y notas al pie de las páginas
500 _aIncluye índice onomástico
505 _av.1--
_tAntologia I (1844-1900)
_gv.2.
_tAntología II (1901-1924)
590 _aInventariado, 2021 /LP
651 0 _aRepública Dominicana --
_xHistoria --
_yPrimera república 1844-1861
_932929
651 0 _aRepública Dominicana --
_xHistoria --
_y1844-1930
_91009
700 1 _aBlanco Díaz, Andrés,
_d1954-
_979365
_eed.
830 0 _aArchivo General de la Nación ;
_n390-391
_979366
910 _aLóperez/Validado. Control de calidad MFF
942 _2ddc
_cLBS1
999 _c50168
_d50168